| 000 | 01189cas a22003497a 4500 | ||
|---|---|---|---|
| 001 | data | ||
| 005 | 20260322212115.0 | ||
| 008 | data | ||
| 035 | _a11414081 | ||
| 906 |
_a7 _bcbc _cserials _du _encip _f19 _gn-oclcserc |
||
| 010 | _asf 93092488 | ||
| 035 | _a(OCoLC)12774688 | ||
| 040 |
_aDPL _beng _cDPL _dOCLCQ _dDLC _dOCL _dOCLCQ _dOCLCF _dOCLCO _dOCLCQ |
||
| 042 | _apcc | ||
| 050 | 0 | 0 | _aPulp fiction box 156 |
| 245 | 0 | 0 | _aPeople's. |
| 260 |
_aNew York : _bStreet & Smith Corp. |
||
| 300 |
_avolumes : _billustrations ; _c26 cm |
||
| 310 | _aSemimonthly | ||
| 336 |
_atext _btxt _2rdacontent |
||
| 337 |
_aunmediated _bn _2rdamedia |
||
| 338 |
_avolume _bnc _2rdacarrier |
||
| 588 | 0 | _aVol. 40, no. 4 (Dec. 10, 1922); title from cover. | |
| 650 | 0 |
_aAdventure stories _vPeriodicals. |
|
| 650 | 7 |
_aAdventure stories. _2fast _0(OCoLC)fst00797462 |
|
| 655 | 7 |
_aPeriodicals. _2fast _0(OCoLC)fst01411641 |
|
| 655 | 7 |
_aPeriodicals. _2lcgft |
|
| 776 | 1 |
_cMicrofilm _dLibrary of Congress Preservation Microfilming Program _w(OCoLC)34821415 _w(OCoLC)34821415 |
|
| 780 | 0 | 0 |
_tPeople's story magazine _w(OCoLC)12774608 _w(OCoLC)12774608 |
| 991 |
_bc-Ser _hPulp fiction box 156 _wSERIALS |
||
| 999 |
_c1736 _d1736 |
||